1148 1395 1627 1908 1876 1164 1332 1932 1033 1140 1171 1201 1549 1927 1972 1748 1250 1756 1830 1844 1953 1191 1473 1818 1385 1027 1530 1885 1429 1392 1339 1519 1282 1468 1939 1818 1321 1176 1133 1301 1953 1074 1557 1561 1770 1385 1092 1700 1179 1486 1480 1008 1313 1595 1179 1965 1224 1615 1999 1768 1129 1878 1057 1595 1746 1354 1385 1027 1548 1145 1519 1860 1150 1525 1651 1917 1446 1000 1372 1740 1678 1345 1457 1762 1996 1734 1018 1257 1068 1316 1074 1499 1026 1023 1096 1517 1857 1838 1234 BCNSPRNW ULIB Ver.6.0+V

เปลี่ยนเป็นภาษาไทย

Change to English
 แสดงรายละเอียดบรรณานุกรม
  กลับหน้าหลัก

Brief Record : Get Marc (ISO 2709) : E-mail record : QR code < ปิดหน้าต่าง
LEADER : 00000nam 2200000uu 4500
001    13399129052
003     ULIB
008    250528s2567||||th 000 0 tha d
020 ^^ ^a9786168035917
060 ^^ ^aWJ300^bบ652P
100 ^^ ^aบัญชา สถิระพจน์
245 ^^ ^aPocket electrolyte and acid-base disorders /^cบัญชา สถิระพจน์, ธีรศักดิ์ ตั้งวงษ์เลิศ, นฤตยา วโรทัย, เนาวนิตย์ นาทา
250 ^^ ^aพิมพ์ครั้งที่ 1
260 ^^ ^aกรุงเทพฯ :^bโครงการตำรากองอายุรกรรม โรงพยาบาลพระมงกุฏเกล้า,^c2567
300 ^^ ^a559 หน้า :^bภาพประกอบ, ตาราง ;^c21 ซม.
505 ^^ ^aสารบาญ: Body fuid compartments - - Interpretation of urine electrolytes - - Diuretics and kidney - - Intravenous fluids therapy - - Intravenous fluids therapy in children - - Disorders of extracellular fluid volume - - Disorders of water balance: physiology - - Hyponatremia - - Hypernatremia - - Disorders of potassium: physiology - - Hypokalemia - - Hyperkalemia - - Disorders of calcium: physiology - - Hypocalcemia - - Hypercalcemia - - Disorders of phoshate: physiology - - Hypophosphatemia - - Hyperphosphatemia - - Disorders of magnesium: physiology - - Hypomagnesemia - - Hypermagnesemia - - Acid-base physiology - - Evaluation of an acid-base disorder - - High anion gap metabolic acidosis - - Normal anion gap metabolic acidosis: renal tubular acidosis - - Normal anion gap metabolic acidosis: nonrenal causes - - Metabolic alkalosis - - Respiratory acidosis - - Respiratory alkalosis - - Mixed acid-base disorders - - Clinical approach to genetic tubulopathies
590 ^^ ^aบัญชา สถิระพจน์, ธีรศักดิ์ ตั้งวงษ์เลิศ, นฤตยา วโรทัย, และเนาวนิตย์ นาทา. (2567). ^bPocket electrolyte and acid-base disorders. ^dโครงการตำรากองอายุรกรรม โรงพยาบาลพระมงกุฏเกล้า.
591 ^^ ^aบัญชา สถิระพจน์, ธีรศักดิ์ ตั้งวงษ์เลิศ, นฤตยา วโรทัย, เนาวนิตย์ นาทา. Pocket electrolyte and acid-base disorders. กรุงเทพฯ: โครงการตำรากองอายุรกรรม โรงพยาบาลพระมงกุฏเกล้า; 2567.
650 ^^ ^aไต^xโรค
650 ^^ ^aไต^xโรค^xการพยาบาล
690 ^^ ^aสาขาวิชาการพยาบาลผู้ใหญ่
700 ^^ ^aธีรศักดิ์ ตั้งวงษ์เลิศ
700 ^^ ^aนฤตยา วโรทัย
700 ^^ ^aเนาวนิตย์ นาทา
945    ^p600^l0^i011706
945    ^p600^l0^i011707
945    ^p600^l0^i011708
999    ^aประนอม เกษจรัล
รายการนี้ยังไม่มีแท็ก
คุณยังไม่ได้ล็อกอิน คุณสามารถมีกิจกรรมร่วมกับเว็บไซต์ได้ แต่ต้องล็อกอินก่อน ::
  ล็อกอิน

รายการสื่อสารสนเทศ

ลำดับที่ ประเภท เลขเรียก/บาร์โค้ด สถานที่ สถานะ
1. วิทยาศาสตร์การแพทย์ และสุขภาพ
หนังสือสำรอง
สถานะ=หนังสือสำรอง
WJ300 บ652P ฉ.1 
  Barcode: 011706
ห้องสมุดวิทยาเขตสวรรค์ประชารักษ์
►หนังสือทั่วไป
บนชั้น
2. วิทยาศาสตร์การแพทย์ และสุขภาพ
วิทยาศาสตร์การแพทย์ และสุขภาพ
WJ300 บ652P ฉ.2 
  Barcode: 011707
ห้องสมุดวิทยาเขตสวรรค์ประชารักษ์
►หนังสือทั่วไป
บนชั้น
3. วิทยาศาสตร์การแพทย์ และสุขภาพ
วิทยาศาสตร์การแพทย์ และสุขภาพ
WJ300 บ652P ฉ.3 
  Barcode: 011708
ห้องสมุดวิทยาเขตสวรรค์ประชารักษ์
►หนังสือทั่วไป
บนชั้น

รายการใกล้เคียง
    ผู้แต่ง [บัญชา สถิระพจน์]

    หัวเรื่อง [ไต โรค]

BibComment


ยังไม่เคยถูกคอมเมนท์

คอมเมนท์ทรัพยากรรายการนี้
  คอมเมนท์: Pocket electroly..


 Copyright 2026. Bcnsprnw @Library